Civilisation matérielle, économie et capitalisme : XVe-XVIIIe siècle

Αποθηκεύτηκε σε:
Λεπτομέρειες βιβλιογραφικής εγγραφής
Κύριος συγγραφέας: Braudel, Fernand
Μορφή: Άγνωστο
Γλώσσα:French
Δημοσίευση: Paris : Armand Colin, 1979.
Θέματα:
Ετικέτες: Προσθήκη ετικέτας
Δεν υπάρχουν, Καταχωρήστε ετικέτα πρώτοι!

MARC

LEADER 00000c a2200000 4500
001 1/11004
008 961217s1979 fr ab|||||||||||| ||fre||
020 |a 2200371004   |q (τ. 1) 
020 |a 2200371012   |q (τ. 2) 
035 |1 ΠΑΡ  |a 1997  |l 10018089 
035 |l 10017277 
040 |a GR-MyUA  |b gre  |e AACR2 
041 0 |a fre 
082 7 |a 330.9   |2 (22)  
100 1 |a Braudel, Fernand. 
245 1 0 |a Civilisation matérielle, économie et capitalisme :   |b XVe-XVIIIe siècle /   |c Fernand Braudel.  
260 |a Paris :   |b Armand Colin,   |c 1979.  
300 |a 3 τ. :   |b εικ. ;   |c 24 εκ.  
500 |a Publie avec le concours du Centre National des Lettres 
504 |a Περιλαμβάνει βιβλιογραφικές παραπομπές και ευρετήρια.  
505 8 |a Τ. 1. Les structures du quotidien: le possible et l'impossible -- τ. 2. Les jeux de l'échange -- τ. 3. Le temps du monde.  
650 0 0 |a Economic history. 
650 0 0 |a Civilization  |x History. 
650 0 |a Social history. 
650 0 |a Civilization, Modern  |x History. 
767 0 8 |i Μεταφρασμένο ως:   |t Civilization and capitalism :  
767 0 8 |i Μεταφρασμένο ως:   |t Υλικός πολιτισμός, οικονομία και καπιταλισμός :  
852 |a INST  |b LESVOS  |e 20220627  |h 330.9 BRA  |p 005100008761  |q 005100008761  |t BK  |v τ.2:  |y 0 
852 |a INST  |b LESVOS  |e 19961217  |h 330.9 BRA  |p 005100008762  |q 005100008762  |t BK  |v τ.1:  |y 0  |z τ.1 
852 |a INST  |b LESVOS  |e 19970722  |h 330.9 BRA  |p 005100010930  |q 005100010930  |t BK  |v τ.3:  |y 0  |z v.3 
853 |a INST  |b LESVOS  |h 330.9 BRA 
909 |a Λ  |b 009639 
922 |a 1ΕΛΗ  |b 1988-02  |d GloryBook